| 000 | 00603cam a2200205 4500500 | ||
|---|---|---|---|
| 005 | 20260329004125.0 | ||
| 041 | _afre | ||
| 042 | _adc | ||
| 100 | 1 | 0 |
_aLarmagnac-Matheron, Octave _eauthor |
| 245 | 0 | 0 | _aRepérages / septembre 2018 |
| 260 | _c2018. | ||
| 500 | _a29 | ||
| 690 | _aBarack Obama | ||
| 690 | _aCésar | ||
| 690 | _aFrugalisme | ||
| 690 | _aHegel | ||
| 690 | _aJean-Jacques Rousseau | ||
| 786 | 0 | _nPhilosophie magazine | 122 | 9 | 2018-09-01 | p. 5-5 | 1951-1787 | |
| 856 | 4 | 1 | _uhttps://shs.cairn.info/magazine-philosophie-magazine-2018-9-page-5?lang=fr&redirect-ssocas=7080 |
| 999 |
_c1830917 _d1830917 |
||